000 05214nam a2200385 a 4500
003 CHAP
005 20250422112023.0
007 ta
008 250131s2024 mx ad||fom||| 001 0 spa d
040 _erda
041 _aspa
_beng
100 1 _aMeza Licona, María Vianey
_9190029
240 1 0 _aPeptidomic characterization of the cheese chapingo overripened.
_lEspañol
245 1 0 _aCaracterización peptidómica del queso Chapingo sobremadurado /
_cMaría Vianey Meza Licona
264 _aChapingo, México :
_bEl autor,
_c2024
300 _a1 recurso en línea (xi, 50 páginas) :
_bilustraciones, tablas, diagramas, fotografías
336 _2rdacontent
_atexto
_btxt
337 _2rdamedia
_acomputadora
_bc
338 _2rdacarrier
_arecurso en línea
_bcr
502 _aTesis
_bIA
_cAgroindustrias
_d2024
_gLIC
504 _aBibliografía : páginas 39-46
520 3 _aEl queso Chapingo es un queso genuino tradicional mexicano de maduración media, cuya elaboración data de 1978. Durante la elaboración y maduración de los quesos se llevan a cabo una serie de fenómenos bioquímicos responsables de la generación de textura, sabor y olor característico de cada variedad. El objetivo de esta investigación fue determinar el perfil peptídico del queso Chapingo sobremaduro (120, 124, 128 ,140 semanas de maduración) y en quesos jóvenes (12 y 20 semanas de maduración), así como determinar los cambios en las características sensoriales y texturales. El perfil peptídico cambió con el tiempo de maduración, en los quesos con maduración prolongada (140 semanas de maduración) se identificó abundancia de aminoácidos como Phe, Tyr y Lys asociados con la generación de sabor amargo, caso contrario los quesos con menor tiempo de maduración presentaron aminoácidos relacionados con el sabor agrio, dulce y umami (His, Gln y Asn, respectivamente). Adicionalmente, se identificaron cinco péptidos relacionados con el amargor en queso (Phe-Pro, Leu-Ala, Ile-Pro, Val-Leu, Pro-Pro Phe) y diez péptidos relacionados con alguna bioactividad como inhibición de la ECA, inhibición de la DPP IV o captación de glucosa. Los quesos con doce semanas de maduración se caracterizaron por el color amarillo y la dureza, caso contrario los quesos con 140 semanas de maduración se relacionaron con los atributos blando, amargo y sabor residual fuerte en boca. Los parámetros texturales de dureza y adhesividad disminuyeron con el tiempo de maduración. El queso Chapingo presentó cambios texturales y del perfil peptídico como consecuencia de los procesos bioquímicos que se llevan a cabo durante la elaboración y maduración del queso que a su vez están influenciados por la composición de la leche, proceso de elaboración y condiciones de maduración.
520 3 _aChapingo cheese is a genuine traditional Mexican soft-ripened cheese, whose production dates from 1978. During the elaboration and maturation of the cheeses a series of biochemical phenomena are carried out which are responsible for the generation of characteristic texture, flavor and smell of each variety. The aim of this research was to determine the peptide profile of the Chapingo overripened cheese (120, 124, 128 ,140 weeks of maturation) and in soft-ripened cheeses (12 and 20 weeks of maturation), as well as to determine changes in sensory and textural characteristics. The peptide profile changed according to the maturation time, in cheeses with prolonged maturation (140 weeks of maturation) abundance of amino acids such as Phe, Tyr and Lys associated with the generation of bitter taste was identified, on the other hand, cheeses with shorter maturation time had amino acids related to sour, sweet and umami taste (His, Gln and Asn, respectively). Additionally, five bitternessrelated peptides were identified in cheese (Phe-Pro, Leu-Ala, Ile-Pro, Val-Leu, Pro-Pro- Phe) and ten peptides related to some bioactivity such as ACE inhibition, DPP IV inhibition or glucose uptake. Cheeses with twelve weeks of maturation were characterized for having yellow color and hardness, otherwise cheeses with 140 weeks of maturation were related to soft, bitter attributes and strong residual taste in the mouth. Textural hardness and adhesiveness parameters decreased with maturation time. Chapingo cheese presented textural and peptide profile changes as a result of the biochemical processes that are carried out during the elaboration and maturation of the cheese which in turn are influenced by the composition of the milk, processing and maturation conditions.
650 1 3 _aQuesos
_2atg
_9142512
650 1 3 _aQuesos
_2atg
_9142512
_xPropiedades sensoriales
650 1 3 _aQuesos
_2atg
_9142512
_xMaduración del queso
650 1 3 _aCheeses
_2atg
_9148387
650 1 3 _aCheeses
_2atg
_9148387
_xSensory properties
650 1 3 _aCheeses
_2atg
_9148387
_xCheese ripening
700 1 _aSandoval Castilla, Ofelia
_9151810
_edirectora
700 1 _aTorres Salas, Verenice
_9114233
_easesora
700 1 _aPascacio Sebollon, Isabel Margarita
_9135938
_easesora
856 _yDESCARGAR PDF
_uhttp://10.13.5.2/tesis/tl/1511663-6_MEZA_LICONA_MARIAVIANEY.pdf
942 _2Clasificación Universidad Autónoma Chapingo
_cTD
999 _c220421
_d220421